| 000 | 00453nam a22001697a 4500 | ||
|---|---|---|---|
| 005 | 20260413181556.0 | ||
| 008 | 260413b |||||||| |||| 00| 0 eng d | ||
| 020 | _a9789697834662 | ||
| 040 | _cPK-LaNCA | ||
| 082 |
_a325.2109- _bSAN |
||
| 100 | _aSanaa Alimia | ||
| 245 | _aRefugee cities: how Afghans changed urban Pakistan | ||
| 260 |
_aFolio Books _bLahore _c2022 |
||
| 300 | _axxxviii, 228p | ||
| 650 | _aRefugee, Afghan - Pakistan | ||
| 942 | _cBK | ||
| 999 |
_c67220 _d67220 |
||